<?xml version="1.0" encoding="UTF-8"?><?xml-stylesheet type="text/xsl" href="static/style.xsl"?><OAI-PMH xmlns="http://www.openarchives.org/OAI/2.0/" xmlns:xsi="http://www.w3.org/2001/XMLSchema-instance" xsi:schemaLocation="http://www.openarchives.org/OAI/2.0/ http://www.openarchives.org/OAI/2.0/OAI-PMH.xsd"><responseDate>2026-04-17T05:37:24Z</responseDate><request verb="GetRecord" identifier="oai:www.recercat.cat:10230/32807" metadataPrefix="marc">https://recercat.cat/oai/request</request><GetRecord><record><header><identifier>oai:recercat.cat:10230/32807</identifier><datestamp>2025-12-22T13:46:38Z</datestamp><setSpec>com_2072_6</setSpec><setSpec>col_2072_452952</setSpec></header><metadata><record xmlns="http://www.loc.gov/MARC21/slim" xmlns:dcterms="http://purl.org/dc/terms/" xmlns:xsi="http://www.w3.org/2001/XMLSchema-instance" xmlns:doc="http://www.lyncode.com/xoai" xsi:schemaLocation="http://www.loc.gov/MARC21/slim http://www.loc.gov/standards/marcxml/schema/MARC21slim.xsd">
   <leader>00925njm 22002777a 4500</leader>
   <datafield ind2=" " ind1=" " tag="042">
      <subfield code="a">dc</subfield>
   </datafield>
   <datafield ind2=" " ind1=" " tag="720">
      <subfield code="a">Hualde, José Ignacio</subfield>
      <subfield code="e">author</subfield>
   </datafield>
   <datafield ind2=" " ind1=" " tag="720">
      <subfield code="a">Prieto Vives, Pilar, 1965-</subfield>
      <subfield code="e">author</subfield>
   </datafield>
   <datafield ind2=" " ind1=" " tag="260">
      <subfield code="c">2017-09-26T16:48:54Z</subfield>
   </datafield>
   <datafield ind2=" " ind1=" " tag="260">
      <subfield code="c">2017-09-26T16:48:54Z</subfield>
   </datafield>
   <datafield ind2=" " ind1=" " tag="260">
      <subfield code="c">2016</subfield>
   </datafield>
   <datafield ind2=" " ind1=" " tag="520">
      <subfield code="a">In this article we present a set of arguments in favor of having access to two levels of prosodic representation, broad phonetic and phonological, and the motivations for developing a set of cross-linguistically transparent and consistent labels (e.g., an International Prosodic Alphabet, IPrA) based on the Autosegmental-Metrical (AM) framework and the ToBI notation. Regarding segmental phonology, as well as lexical suprasegmentals (lexical tone and stress), both the use of two levels of representation and the existence of an international phonetic alphabet have proved to be very useful. The same benefits of adopting these conventions are likely to accrue in the study of intonation.</subfield>
   </datafield>
   <datafield ind2=" " ind1=" " tag="520">
      <subfield code="a">Hualde’s research is funded in part by an NSF grant (BCS 12-51343). Prieto’s research was funded by a research grant awarded by the Spanish Ministry of Science and Innovation (FFI2012-31995 “Gestures, prosody and linguistic structure”), and by a grant awarded by the Generalitat de Catalunya (2014 SGR-925) to the Prosodic Studies Group.</subfield>
   </datafield>
   <datafield tag="653" ind2=" " ind1=" ">
      <subfield code="a">Intonation</subfield>
   </datafield>
   <datafield tag="653" ind2=" " ind1=" ">
      <subfield code="a">Autosegmental-metrical model</subfield>
   </datafield>
   <datafield tag="653" ind2=" " ind1=" ">
      <subfield code="a">Prosodic transcription</subfield>
   </datafield>
   <datafield ind2="0" ind1="0" tag="245">
      <subfield code="a">Towards an International Prosodic Alphabet (IPrA)</subfield>
   </datafield>
</record></metadata></record></GetRecord></OAI-PMH>